000 00665nam a2200289Ia 4500
005 20260324143333.0
008 008 260324s9999 xx 000 0 eng d
020 _a9781003555551
037 _aEBOOK
040 _aCRL
040 _beng
040 _cCRL
041 _2eng
041 _aeng
084 _qCRL
100 _aJohn M. Riddle
_91215278
245 0 _aQuid pro quo
245 0 _bStudies in the History of Drugs
260 _bTaylor and Francis
260 _c1992
365 _a
365 _b56.99
856 _uhttp://www.taylorfrancis.com/books/9781003555551
942 _cEBOOK
999 _c1820524
_d1820524